000 00519nam a2200193Ia 4500
999 _c14852
_d14852
003 OSt
005 20201023113926.0
008 190216s9999||||xx |||||||||||||| ||und||
020 _a9780747592686
040 _coclc
082 _a813.54
_bOND/D
100 _aOndaatje, Michael
_95668
245 0 _aDivisadero /
_cMichael Ondaatje
250 _a3rd Edi.
260 _bBlooms Bury ,
_c2002.
_aLondon:
300 _a290p
650 _aEnglish
942 _cBK
_2ddc
_h813.54
_iOND/D
_k813.54
_mOND/D